<?xml version="1.0" encoding="UTF-8"?>
<collection xmlns:xsi="http://www.w3.org/2001/XMLSchema-instance" xsi:schemaLocation="http://www.loc.gov/MARC21/slim http://www.loc.gov/standards/marcxml/schema/MARC21slim.xsd" xmlns="http://www.loc.gov/MARC21/slim">
 <record>
  <leader>00000cam a22000004i 4500</leader>
  <controlfield tag="001">UP-1685594773861860996</controlfield>
  <controlfield tag="003">Buklod</controlfield>
  <controlfield tag="005">20120128125855.0</controlfield>
  <controlfield tag="006">g||| |     ||   ||</controlfield>
  <controlfield tag="007">ta</controlfield>
  <controlfield tag="008">151026s2011    xx a    r    |||0 0|eng d</controlfield>
  <datafield tag="020" ind1=" " ind2=" ">
   <subfield code="a">9789719249559</subfield>
  </datafield>
  <datafield tag="035" ind1=" " ind2=" ">
   <subfield code="a">(iLib)UPBAG-00009055038</subfield>
  </datafield>
  <datafield tag="037" ind1=" " ind2=" ">
   <subfield code="a">BC-61646</subfield>
   <subfield code="c">Php295.00</subfield>
  </datafield>
  <datafield tag="040" ind1=" " ind2=" ">
   <subfield code="d">BAG</subfield>
   <subfield code="e">rda</subfield>
  </datafield>
  <datafield tag="041" ind1="1" ind2=" ">
   <subfield code="a">eng</subfield>
   <subfield code="a">fil</subfield>
  </datafield>
  <datafield tag="090" ind1=" " ind2="0">
   <subfield code="a">DS 686.6 A1</subfield>
   <subfield code="b">K39 2011</subfield>
  </datafield>
  <datafield tag="245" ind1="0" ind2="4">
   <subfield code="a">The kaya natin! champions</subfield>
   <subfield code="b">inspiring stories of good governance and leadership in the Philippines</subfield>
   <subfield code="c">Shylynne D. Castillo and Karla Angelica G. Pastores, editors.</subfield>
  </datafield>
  <datafield tag="264" ind1=" " ind2="1">
   <subfield code="a">Quezon City</subfield>
   <subfield code="b">Ateneo de Manila University Press</subfield>
   <subfield code="c">©2011.</subfield>
  </datafield>
  <datafield tag="300" ind1=" " ind2=" ">
   <subfield code="a">xvii,76 pages</subfield>
   <subfield code="b">illustrations, portraits</subfield>
   <subfield code="c">23 cm</subfield>
  </datafield>
  <datafield tag="490" ind1="0" ind2=" ">
   <subfield code="a">Kaya natin! movement for good governance and ethical leadership</subfield>
  </datafield>
  <datafield tag="500" ind1=" " ind2=" ">
   <subfield code="a">In English, with some tagalog.</subfield>
  </datafield>
  <datafield tag="505" ind1="0" ind2=" ">
   <subfield code="a">The IP champion: Teodoro B. Bagulat Jr. / by Patrick Adrianne N. Cabusay and Maria Nikka U. Garriga -- A man for our times : Jorge B. Banal Jr. / by Maria Belinda N. Custodio and Charles V. Tomeldan -- Passing the torch : Teofisto D. Guingona III / by Hayde L. Talorong -- Passion for service : Aurora Sonia R. Lorenzo / by Roenet Mark D. Abe -- Redefining politics in North Cotabato : Shirlyn D. Macasarte / by Mary Herbel B. Santiago -- Never say never : Maria Garcia Cielo M. Padaca / by Jennylyn C. Suguitan -- Choosing the difficult good : Eddie T. Panlilio / by Jacelle Soleil L. Manara and Karla Angelica G. Pastores -- The rise and hall of fame of Naga : Jesse M. Robredo / by Karla Angelica G. Pastores -- South star : Maria Belen S. Acosta / by Patricia A. Davide -- Called from the ranks, vuty to service : Roque S. Verzosa Jr. / by Tieza Mica H. Santos.</subfield>
  </datafield>
  <datafield tag="700" ind1="1" ind2=" ">
   <subfield code="a">Castillo, Shylynne D.</subfield>
   <subfield code="e">editor.</subfield>
  </datafield>
  <datafield tag="700" ind1="1" ind2=" ">
   <subfield code="a">Pastores, Karla Angelica G.</subfield>
   <subfield code="e">editor.</subfield>
  </datafield>
  <datafield tag="905" ind1=" " ind2=" ">
   <subfield code="a">FI</subfield>
  </datafield>
  <datafield tag="852" ind1="0" ind2=" ">
   <subfield code="a">UPBAG</subfield>
   <subfield code="b">UPBAG-MAIN</subfield>
   <subfield code="h">DS 686.6 A1 K39 2011</subfield>
  </datafield>
  <datafield tag="942" ind1=" " ind2=" ">
   <subfield code="a">Book</subfield>
  </datafield>
 </record>
</collection>
